000 00391nam a2200145Ia 4500
008 240624s9999 xx 000 0 und d
041 _aeng
082 _a428.007 CEL
100 _aCELCE MURCIA MARIANNE
245 _aTECHNIQUES AND RESOURCES IN TEACHING GRA
250 _a11
260 _c1988
_aNew York
_bOxford University press
300 _aii, : 189 : p. : cm. ; 23
365 _cRS
_b32
999 _c18001
_d18001